000 00615nam a2200169Ia 4500
008 230917s9999||||xx |||||||||||||| ||und||
020 _cRS24000
040 _e240701
_aMAIN
041 _aEnglish
082 _a613.203 S14F
100 _aSachdeva, A N, ed.
245 0 _aFood science nutrition and health care management: A basic reference work for all with and interest in the science, medicine, pharmacy, nutrition, home science, sports and related studies. 6V
260 _aNew Delhi
_bShree Publishers
_c2009
300 _av. p.
500 _a2750 27/06/2017 RBP17/66542 03/07/2017 Main Budget
942 _cBK
999 _c22877
_d22877